=LDR 00000nam 2200000 4500 =001 INLIS000000000011152 =005 20210215101829 =035 ##$$a 0010-061300000011152 =008 210215################g##########0#ind## =041 ##$$a Ind =082 ##$$a 336.013 =090 ##$$a 336.013, Sya d =100 1#$$a Syamsi, Ibnu =245 1#$$a Dasar-dasar kebijaksanaan keuangan Negara /$c Drs. ibnu Syamsi S.u =260 ##$$a Jakarta :$b Bina Aksara,$c 1988 =300 ##$$a xii. 234 hlm ; $c 21x14 cm =850 ##$$a NBPNMAT =084 ##$$a 336.013 SYA d =250 ##$$a cet.1 =650 #4$$a Kebijaksanaan keuangan negara =990 ##$$a 53.984/Pro-93 =990 ##$$a 53.985/Pro-93 =990 ##$$a 53.987/Pro-93